[Event "Titled Tue 1st Jul Early"]
[Site "chess.com INT"]
[Date "2025.07.01"]
[Round "2"]
[White "Mayta Aiza, Maveric"]
[Black "Jake Shanty"]
[Result "0-1"]
[WhiteTitle "CM"]
[BlackTitle "FM"]
[WhiteElo "2180"]
[BlackElo "2252"]
[WhiteFideId "3307336"]
[BlackFideId "33478066"]
[EventDate "2025.07.01"]

1. e4 c5 2. Nc3 d6 3. g3 g6 4. Bg2 Bg7 5. d3 Nc6 6. Be3 Nf6 7. h3 O-O 8. Qd2 a6
9. a4 Rb8 10. f4 Bd7 11. Nf3 b5 12. axb5 axb5 13. O-O b4 14. Na4 Qc7 15. g4 Ra8
16. b3 Ne8 17. Rad1 Qc8 18. Nb6 Qb7 19. Nxa8 Qxa8 20. Qf2 Nc7 21. f5 Nb5 22. g5
Qc8 23. Nh4 Nc3 24. Rde1 Nd4 25. f6 exf6 26. gxf6 Bh8 27. Bxd4 cxd4 28. Qxd4
Bxh3 29. Qxd6 Bxg2 30. Kxg2 Nb5 31. Qg3 Qxc2+ 32. Rf2 Qxb3 33. e5 Nd4 34. Re4
Ne6 35. Nf5 Rd8 36. Re3 h5 37. d4 Qd5+ 38. Kh2 Kh7 39. Qh4 b3 40. Rg3 Qb7 41.
Nd6 Rxd6 42. exd6 b2 43. Rg1 b1=Q 44. Rxb1 Qxb1 45. d5 Nf8 46. Qh3 Qb8 47. Qg3
Nd7 48. Rc2 Nxf6 49. Rc7 Ng4+ 50. Kh3 Bg7 51. d7 Be5 52. Rc8 Qb1 53. Qxe5 Qf1+
54. Kh4 Nxe5 55. d8=Q Qf4+ 56. Kh3 Qg4+ 57. Kh2 Nf3+ 58. Kh1 Qg1# 0-1

[Event "Titled Tue 1st Jul Early"]
[Site "chess.com INT"]
[Date "2025.07.01"]
[Round "2"]
[White "Moskvin, Anatoly"]
[Black "Pranesh, M"]
[Result "1/2-1/2"]
[WhiteTitle "CM"]
[BlackTitle "GM"]
[WhiteElo "2192"]
[BlackElo "2592"]
[WhiteFideId "24199990"]
[BlackFideId "35028600"]
[EventDate "2025.07.01"]

1. e4 Nc6 2. Nf3 e5 3. Bc4 Nf6 4. d3 h6 5. c3 d6 6. O-O g6 7. Re1 Bg7 8. d4 Qe7
9. h3 O-O 10. dxe5 Nxe5 11. Nxe5 Qxe5 12. Nd2 Re8 13. Qb3 d5 14. Bd3 Qd6 15. Rd1
dxe4 16. Nxe4 Nxe4 17. Bxe4 Qe5 18. Bf3 c6 19. Be3 a5 20. Bd4 Qc7 21. Bxg7 Kxg7
22. Qc4 Qb6 23. Qd4+ Qxd4 24. Rxd4 Be6 25. a3 Ra6 26. Rad1 a4 27. h4 Rb6 28. Rb4
Rxb4 29. cxb4 Bf5 30. g3 g5 31. hxg5 hxg5 32. b5 cxb5 33. Rd5 Re1+ 34. Kg2 Kf6
35. Rxb5 Be6 36. Bxb7 Re2 37. Rb4 Bb3 38. Bc6 Rxb2 39. Bxa4 Bd5+ 40. Kf1 Ra2 41.
Bb3 Ra1+ 42. Ke2 Bg2 43. a4 Rb1 44. Rb6+ Ke5 45. a5 Ra1 46. Rb5+ Kf6 47. Rc5 Ra3
48. Bc2 g4 49. Bd3 Bf1+ 50. Kxf1 Rxd3 51. Rc6+ Ke5 52. Ke2 Ra3 53. a6 f5 54. Rb6
Ke4 55. Re6+ Kd5 56. Rf6 Ke5 57. Rb6 Ke4 58. Rb4+ Ke5 59. Rb5+ Ke4 60. Rb4+ Ke5
61. Rb5+ Ke4 62. Rb4+ 1/2-1/2

[Event "Titled Tue 1st Jul Early"]
[Site "chess.com INT"]
[Date "2025.07.01"]
[Round "2"]
[White "Burovic, Rijad"]
[Black "Chigaev, Maksim"]
[Result "0-1"]
[WhiteTitle "IM"]
[BlackTitle "GM"]
[WhiteElo "2420"]
[BlackElo "2628"]
[WhiteFideId "14407701"]
[BlackFideId "4108116"]
[EventDate "2025.07.01"]

1. e4 c5 2. d3 g6 3. g3 Bg7 4. Bg2 Nc6 5. f4 d6 6. Nf3 Nf6 7. O-O O-O 8. Nc3 Rb8
9. h3 b5 10. g4 b4 11. Ne2 a5 12. Be3 a4 13. Rb1 Ba6 14. b3 Nd7 15. Qd2 e6 16.
f5 Qe7 17. g5 exf5 18. Nf4 fxe4 19. Nd5 Qd8 20. Nh2 exd3 21. Nf6+ Nxf6 22. gxf6
Bxf6 23. Bxc6 Bc3 24. Qf2 dxc2 25. Qxc2 axb3 26. axb3 Bxf1 27. Rxf1 d5 28. Qg2
c4 29. Bxd5 cxb3 30. Bxb3 Bd4 31. Qf2 Bxe3 32. Qxe3 Qb6 33. Qxb6 Rxb6 34. Ng4
Kg7 35. Ne5 Rb7 36. Kg2 Re7 37. Ng4 f5 38. Nf2 Re3 39. Rb1 Rd8 40. Bd1 Rd4 41.
Rc1 Rc3 0-1

[Event "Titled Tue 1st Jul Early"]
[Site "chess.com INT"]
[Date "2025.07.01"]
[Round "2"]
[White "Weetik, Vjacheslav"]
[Black "Emeliantsev, Anatoliy"]
[Result "1-0"]
[WhiteTitle "FM"]
[BlackTitle "FM"]
[WhiteElo "2423"]
[BlackElo "2359"]
[WhiteFideId "4153472"]
[BlackFideId "4160681"]
[EventDate "2025.07.01"]

1. Nf3 Nf6 2. g3 g6 3. Bg2 Bg7 4. O-O O-O 5. d4 d6 6. b3 c5 7. Bb2 Nc6 8. d5 Nb4
9. c4 Bf5 10. Nc3 Ne4 11. Qc1 Nxc3 12. Bxc3 Nc2 13. Bxg7 Kxg7 14. Qb2+ f6 15. e4
Bxe4 16. Ng5 Bf5 17. Be4 Nd4 18. Bxf5 fxg5 19. Be4 e5 20. dxe6 Qf6 21. Kh1 Qxe6
22. Bxb7 Rab8 23. Rae1 Qf6 24. Bd5 g4 25. Re3 a5 26. Kg2 Ra8 27. Rfe1 a4 28.
Re7+ Kh8 29. Qd2 Nf3 30. Bxf3 gxf3+ 31. Kg1 g5 32. bxa4 Rxa4 33. Qc2 Qh6 34. h4
gxh4 35. g4 Raa8 36. R1e6 Qg5 37. Qxh7# 1-0

[Event "Titled Tue 1st Jul Early"]
[Site "chess.com INT"]
[Date "2025.07.01"]
[Round "2"]
[White "Ramiro Ovejero, Juan Luis"]
[Black "Sitnic, Adnan"]
[Result "1-0"]
[WhiteTitle "IM"]
[BlackTitle "CM"]
[WhiteElo "2334"]
[BlackElo "2058"]
[WhiteFideId "2210436"]
[BlackFideId "14403854"]
[EventDate "2025.07.01"]

1. e4 Nc6 2. Nf3 d6 3. h3 Nf6 4. Nc3 e5 5. d4 exd4 6. Nxd4 Be7 7. Bc4 O-O 8. O-O
Nxd4 9. Qxd4 Be6 10. Be3 Bxc4 11. Qxc4 c6 12. Rad1 Qb8 13. Bf4 a5 14. a4 Ra6 15.
Qd3 Rb6 16. b3 Re8 17. Bxd6 Bxd6 18. Qxd6 Qxd6 19. Rxd6 Kf8 20. f3 Ke7 21. Rfd1
Rb4 22. Kf2 Rc8 23. e5 Nd5 24. Nxd5+ cxd5 25. Rd2 d4 26. f4 Rc3 27. Ke2 f6 28.
Kd1 fxe5 29. fxe5 Re3 30. R6xd4 Rxd4 31. Rxd4 Rxe5 32. Kd2 b5 33. axb5 Rxb5 34.
Ke3 Kf6 35. Ke4 Rc5 36. c4 Rc7 37. Kd3 Rb7 38. Kc3 Ra7 39. Rd5 a4 40. b4 a3 41.
Rd1 a2 42. Ra1 Ra3+ 43. Kb2 Ra4 44. Kb3 Ra8 45. Rxa2 Re8 46. c5 Re3+ 47. Kc4
Re4+ 48. Kb5 Ke5 49. Rd2 g5 50. c6 Kf6 51. c7 Re5+ 52. Kb6 Re6+ 53. Kb7 Re7 54.
Kb8 1-0

[Event "Titled Tue 1st Jul Early"]
[Site "chess.com INT"]
[Date "2025.07.01"]
[Round "2"]
[White "Srihari, L R"]
[Black "Arhan, Chethan Anand"]
[Result "1-0"]
[WhiteTitle "IM"]
[BlackTitle "IM"]
[WhiteElo "2482"]
[BlackElo "2394"]
[WhiteFideId "46617116"]
[BlackFideId "45062510"]
[EventDate "2025.07.01"]

1. e4 c5 2. Nf3 a6 3. c3 e6 4. d4 cxd4 5. cxd4 d5 6. e5 Ne7 7. Nc3 Nec6 8. Bd3
Be7 9. h4 h6 10. Be3 b5 11. h5 Nd7 12. Rc1 Bb7 13. Ne2 Rc8 14. a3 Na5 15. Rxc8
Qxc8 16. Rh3 b4 17. axb4 Bxb4+ 18. Kf1 Bc6 19. Rg3 Kf8 20. Nf4 Bb5 21. Bxb5 axb5
22. Nh4 Rg8 23. Qg4 Qc6 24. Kg1 Ke8 25. Nd3 Bf8 26. Bxh6 Nc4 27. Bc1 b4 28. h6
b3 29. h7 Rh8 30. Qh5 g6 31. Nxg6 fxg6 32. Qxg6+ Kd8 33. Qg8 Rxg8 34. hxg8=Q Kc7
35. Nf4 Ncxe5 36. Nxe6+ Kb7 1-0

[Event "Titled Tue 1st Jul Early"]
[Site "chess.com INT"]
[Date "2025.07.01"]
[Round "2"]
[White "Rosen, Eric"]
[Black "Garde, Guillaume"]
[Result "1-0"]
[WhiteTitle "IM"]
[BlackTitle "CM"]
[WhiteElo "2377"]
[BlackElo "2196"]
[WhiteFideId "2032562"]
[BlackFideId "45138273"]
[EventDate "2025.07.01"]

1. e3 d5 2. f4 Nf6 3. Nf3 c5 4. b3 a6 5. Bb2 Nc6 6. Be2 h6 7. d3 Bf5 8. Nbd2 e6
9. Ne5 Bd6 10. O-O Qc7 11. Ndf3 O-O-O 12. Qe1 Rhg8 13. Kh1 Ng4 14. e4 Bxe5 15.
Nxe5 Ngxe5 16. exf5 Nd7 17. fxe6 fxe6 18. Bg4 Rde8 19. Qh4 g5 20. Qxh6 gxf4 21.
Qxf4 Qxf4 22. Rxf4 e5 23. Bxd7+ Kxd7 24. Rf7+ Re7 25. Raf1 Ke8 26. R7f5 Kd7 27.
h3 Nd4 28. R5f2 Nc6 29. g4 Rh8 30. Kg2 Rg8 31. Kg3 b5 32. h4 Reg7 33. g5 Nd4 34.
Bxd4 cxd4 35. Rf7+ Rxf7 36. Rxf7+ Ke8 37. Rf5 Kd7 38. Rxe5 Kd6 39. Rf5 Ke6 40.
Rf2 Ke5 41. Kg4 Rc8 42. h5 a5 43. h6 a4 44. h7 axb3 45. axb3 b4 46. g6 Ke6 47.
Kg5 Ke7 48. g7 1-0

[Event "Titled Tue 1st Jul Early"]
[Site "chess.com INT"]
[Date "2025.07.01"]
[Round "2"]
[White "Auribault, Louis"]
[Black "Arakelyan, Manvel"]
[Result "1-0"]
[WhiteTitle "FM"]
[BlackTitle "FM"]
[WhiteElo "2114"]
[BlackElo "2326"]
[WhiteFideId "45196591"]
[BlackFideId "13317415"]
[EventDate "2025.07.01"]

1. e4 c5 2. c3 Nf6 3. e5 Nd5 4. Nf3 Nc6 5. Bc4 Nb6 6. Bb3 d6 7. exd6 Qxd6 8. O-O
Be6 9. Bxe6 Qxe6 10. a4 Qd7 11. a5 Nd5 12. a6 b6 13. Na3 g6 14. Nb5 Bg7 15. d4
cxd4 16. Nfxd4 Nxd4 17. Nxd4 O-O 18. Qa4 Qc7 19. Bd2 Rfd8 20. Nb5 Qc5 21. c4 Nf6
22. Be3 Qe5 23. h3 Nd7 24. b4 Qe4 25. Rac1 Ne5 26. Nxa7 Nxc4 27. b5 Nd6 28. Qxe4
Nxe4 29. Bxb6 Rdb8 30. Be3 Nd6 31. b6 Rf8 32. b7 Rae8 33. Nc6 f5 34. Rb1 Nc4 35.
a7 Nxe3 36. fxe3 1-0

[Event "Titled Tue 1st Jul Early"]
[Site "chess.com INT"]
[Date "2025.07.01"]
[Round "2"]
[White "Mayank, Chakraborty"]
[Black "Osiecki, Stanislaw"]
[Result "1-0"]
[WhiteTitle "IM"]
[BlackTitle "FM"]
[WhiteElo "2448"]
[BlackElo "1944"]
[WhiteFideId "25659766"]
[BlackFideId "1102990"]
[EventDate "2025.07.01"]

1. Nf3 Nf6 2. c4 g6 3. g3 Bg7 4. d4 d6 5. Nc3 Nbd7 6. Bg2 O-O 7. O-O e5 8. e4 c6
9. Re1 a5 10. h3 Qe7 11. d5 cxd5 12. cxd5 Nc5 13. b3 Bd7 14. a4 Nh5 15. Ba3 b6
16. Nd2 Nd3 17. Re3 Nc5 18. Nc4 Rab8 19. Re1 Bh6 20. Bc1 Bg7 21. Be3 Kh8 22. Rc1
Nf6 23. Kh2 h6 24. f4 exf4 25. Bxf4 Nh5 26. Bxd6 Qg5 27. h4 Qf6 28. Rf1 Qd8 29.
Bxf8 Qxf8 30. e5 f5 31. e6 Be8 32. Nb5 Nf6 33. Nc7 Ng4+ 34. Qxg4 fxg4 35. Rxf8+
Bxf8 36. d6 Nxb3 37. Rf1 Bxa4 38. Ne5 Nd2 39. Rxf8+ Rxf8 40. Nxg6+ Kg7 41. Nxf8
Kxf8 42. e7+ Kf7 43. Bd5+ Kf6 44. e8=Q Bxe8 45. Nxe8+ Ke5 46. d7 Nf1+ 47. Kg1
Ne3 48. d8=Q Nxd5 49. Qd6+ Kd4 50. Nf6 a4 51. Qxd5+ Kc3 52. Nxg4 a3 53. Ne3 Kb2
54. Qc4 a2 55. Nd1+ Kb1 56. Qb3+ Kc1 57. Ne3 Kd2 58. Nc4+ Kc1 59. Qxa2 b5 60.
Qb2+ 1-0

[Event "Titled Tue 1st Jul Early"]
[Site "chess.com INT"]
[Date "2025.07.01"]
[Round "2"]
[White "Benmesbah, Natacha"]
[Black "Nguyen Hong Nhung"]
[Result "1-0"]
[WhiteTitle "WGM"]
[BlackTitle "WFM"]
[WhiteElo "2237"]
[BlackElo "2227"]
[WhiteFideId "642002"]
[BlackFideId "12412201"]
[EventDate "2025.07.01"]

1. e4 c5 2. Nf3 e6 3. d3 Nc6 4. g3 Nf6 5. Bg2 d5 6. Qe2 Be7 7. O-O O-O 8. e5 Nd7
9. c4 Re8 10. Nc3 d4 11. Ne4 Ndxe5 12. Nxe5 Nxe5 13. Nxc5 Bxc5 14. Qxe5 Be7 15.
f4 Bf6 16. Qe2 Rb8 17. b4 b6 18. Bb2 Qd6 19. a3 Bd7 20. Qe4 Rbc8 21. b5 e5 22.
f5 Bg5 23. Rae1 Be3+ 24. Kh1 Qf6 25. h4 Rc7 26. Bc1 Bxc1 27. Rxc1 Bc8 28. Rce1
Rce7 29. Qg4 Kh8 30. Bc6 Rd8 31. Qg5 Rd6 32. Kg2 h6 33. Qh5 Rxc6 34. bxc6 Qxc6+
35. Qf3 Qf6 36. Kh2 Bb7 37. Qh5 Re8 38. g4 Qc6 39. Rf2 f6 40. g5 fxg5 41. hxg5
Rf8 42. f6 Kh7 43. Re4 Qc7 44. g6+ Kg8 45. f7+ Kh8 46. Qxe5 Qd7 47. Qe7 Qc8 48.
Rh4 Bc6 49. Rxh6+ gxh6 50. Qf6# 1-0

[Event "Titled Tue 1st Jul Early"]
[Site "chess.com INT"]
[Date "2025.07.01"]
[Round "2"]
[White "Foldes, Marton Gabor"]
[Black "Duarte Cramer, Lily Jeanette"]
[Result "1-0"]
[WhiteTitle "FM"]
[BlackTitle "WCM"]
[WhiteElo "2295"]
[BlackElo "1828"]
[WhiteFideId "794708"]
[BlackFideId "29620180"]
[EventDate "2025.07.01"]

1. Nf3 d5 2. g3 Bf5 3. Bg2 e6 4. O-O h6 5. d3 c6 6. Nbd2 Nf6 7. Re1 Be7 8. e4
dxe4 9. dxe4 Nxe4 10. g4 Nxd2 11. gxf5 Nxf3+ 12. Qxf3 exf5 13. Qxf5 O-O 14. Bxh6
Bf6 15. Rad1 Qc8 16. Qxc8 Rxc8 17. Bh3 Rf8 18. Bc1 Na6 19. Rd7 Nc5 20. Rc7 Rfe8
21. Rxe8+ Rxe8 22. Be3 Be5 23. Rc8 Rxc8 24. Bxc8 b6 25. b4 Ne4 26. Bb7 Nc3 27.
a3 Nb5 28. a4 Nc3 29. a5 bxa5 30. bxa5 Bc7 31. a6 Bb8 32. Bxc6 1-0

[Event "Titled Tue 1st Jul Early"]
[Site "chess.com INT"]
[Date "2025.07.01"]
[Round "2"]
[White "Pranav, V"]
[Black "Martin Fuentes, Alberto"]
[Result "1-0"]
[WhiteTitle "GM"]
[BlackTitle "FM"]
[WhiteElo "2594"]
[BlackElo "2376"]
[WhiteFideId "25060783"]
[BlackFideId "2292289"]
[EventDate "2025.07.01"]

1. e4 e6 2. d4 d5 3. Nc3 Bb4 4. e5 Ne7 5. Bd2 b6 6. Qg4 Ng6 7. h4 h5 8. Qg3 Ba6
9. Nge2 Qd7 10. a3 Bxc3 11. Bxc3 Nc6 12. Nf4 Bxf1 13. Nxg6 fxg6 14. Qxg6+ Qf7
15. Qxf7+ Kxf7 16. Kxf1 Kg6 17. Ke2 Raf8 18. f3 Ne7 19. Bb4 c5 20. dxc5 Nf5 21.
cxb6 Rc8 22. Kd2 axb6 23. b3 Rc7 24. Kd3 Rhc8 25. Rac1 Rc6 26. g4 hxg4 27. fxg4
Ng3 28. Rhg1 Ne4 29. c4 b5 30. c5 Nxc5+ 31. Bxc5 Rxc5 32. Rxc5 Rxc5 33. Ra1 Rc8
34. a4 bxa4 35. bxa4 Rc4 36. a5 Rxg4 37. a6 Rxh4 38. a7 Rh3+ 39. Kd4 Rh4+ 40.
Kc5 Rh8 41. a8=Q Rxa8 42. Rxa8 Kf5 43. Kd6 d4 44. Rf8+ Ke4 45. Kxe6 g5 46. Kf6
g4 47. e6 d3 48. e7 d2 49. e8=Q+ Kf3 50. Qd7 1-0

[Event "Titled Tue 1st Jul Early"]
[Site "chess.com INT"]
[Date "2025.07.01"]
[Round "2"]
[White "Li, Yilin"]
[Black "Dreelinck, Jacob"]
[Result "1-0"]
[WhiteTitle "WFM"]
[BlackTitle "FM"]
[WhiteElo "1922"]
[BlackElo "2266"]
[WhiteFideId "8610410"]
[BlackFideId "250511"]
[EventDate "2025.07.01"]

1. e4 c5 2. Nf3 d6 3. d4 cxd4 4. Nxd4 Nf6 5. Nc3 g6 6. Be3 Bg7 7. f3 O-O 8. Qd2
Nc6 9. O-O-O d5 10. Nxc6 bxc6 11. Bc5 Nd7 12. Ba3 d4 13. Ne2 c5 14. h4 Qb6 15.
h5 Ne5 16. Nf4 Bb7 17. hxg6 fxg6 18. Nd5 Bxd5 19. exd5 c4 20. f4 c3 21. bxc3
dxc3 22. Qxc3 Nd7 23. Qb3 Qf6 24. d6+ e6 25. Bc4 Qxf4+ 26. Kb1 Rfe8 27. Bxe6+
Kh8 28. Bxd7 Reb8 29. Bb5 a6 30. c4 Qf6 31. Bb2 Qf5+ 32. Ka1 axb5 33. Bxg7+ Kxg7
34. Qb2+ Kg8 35. Rdf1 Qe6 36. Rf6 Qxc4 37. Rhf1 Rxa2+ 38. Qxa2 Ra8 39. Qxa8+ Kg7
40. Qf8# 1-0

[Event "Titled Tue 1st Jul Early"]
[Site "chess.com INT"]
[Date "2025.07.01"]
[Round "2"]
[White "Ternault, Mathieu"]
[Black "Redor, Menandro"]
[Result "0-1"]
[WhiteTitle "FM"]
[WhiteElo "2276"]
[BlackElo "2021"]
[WhiteFideId "20641532"]
[BlackFideId "5222010"]
[EventDate "2025.07.01"]

1. d4 e6 2. e4 d5 3. exd5 exd5 4. Nf3 Nf6 5. Bd3 Bd6 6. Qe2+ Be6 7. Bg5 Nbd7 8.
O-O O-O 9. Ne5 h6 10. Bh4 Be7 11. Nd2 Nxe5 12. dxe5 Nd7 13. Bxe7 Qxe7 14. f4 f5
15. exf6 Qxf6 16. c3 Rae8 17. Qf2 c5 18. Rae1 Bf5 19. Bxf5 Qxf5 20. h3 b6 21.
Kh2 Nf6 22. g3 Qh5 23. Kg2 Qf5 24. g4 Qd3 25. Rxe8 Rxe8 26. Re1 Rxe1 27. Qxe1
Kf7 28. Nf3 Qc2+ 29. Qf2 Qb1 30. Ne5+ Ke7 31. Qe2 Ne4 32. Nf3 Qc1 33. f5 Qf4 0-1

[Event "Titled Tue 1st Jul Early"]
[Site "chess.com INT"]
[Date "2025.07.01"]
[Round "2"]
[White "Jiganchine, Roman"]
[Black "Balavignan, Ashvin"]
[Result "0-1"]
[WhiteTitle "CM"]
[BlackTitle "CM"]
[WhiteElo "2205"]
[BlackElo "2023"]
[WhiteFideId "2603667"]
[BlackFideId "3261425"]
[EventDate "2025.07.01"]

1. Nf3 d5 2. e3 Bf5 3. c4 e6 4. Qb3 b6 5. Nc3 Nf6 6. d4 Be7 7. Be2 O-O 8. O-O h6
9. Bd2 c6 10. Rfd1 Nbd7 11. Be1 Ne4 12. a3 Ndf6 13. Rac1 Nxc3 14. Bxc3 Ne4 15.
Be1 Bd6 16. Ne5 Rc8 17. f3 Nf6 18. Qa4 Qe7 19. cxd5 cxd5 20. Ba6 Rxc1 21. Rxc1
Ne8 22. Be2 Qg5 23. f4 Qe7 24. Qd7 Nf6 25. Qxe7 Bxe7 26. Bh4 g5 27. fxg5 Ne4 28.
Rc7 Bd6 29. Rxa7 hxg5 30. Be1 f6 31. Nd3 Rc8 32. Nb4 Rc1 33. Kf1 Bxh2 34. Ra8+
Kg7 35. Ra7+ Kg6 36. Nd3 Rb1 37. Nf2 Ng3# 0-1

[Event "Titled Tue 1st Jul Early"]
[Site "chess.com INT"]
[Date "2025.07.01"]
[Round "2"]
[White "Van Baar, Esper"]
[Black "Jimenez Salas, Maria Teresa"]
[Result "1-0"]
[WhiteTitle "FM"]
[BlackTitle "WIM"]
[WhiteElo "2232"]
[BlackElo "2249"]
[WhiteFideId "1049321"]
[BlackFideId "3843866"]
[EventDate "2025.07.01"]

1. c4 c5 2. Nc3 Nc6 3. Nf3 e5 4. e3 Nf6 5. d4 exd4 6. exd4 cxd4 7. Nxd4 d5 8.
Nxc6 bxc6 9. cxd5 Nxd5 10. Nxd5 cxd5 11. Bb5+ Bd7 12. Bxd7+ Qxd7 13. O-O Be7 14.
b3 O-O 15. Bb2 Rfd8 16. Qd3 h6 17. Rfd1 Rac8 18. Rac1 Rxc1 19. Rxc1 Qd6 20. Bd4
Qa3 21. Qc2 Bf8 22. g3 Rd6 23. Bc5 Qa6 24. Bxd6 Qxd6 25. Qc7 Qa3 26. Qc2 d4 27.
Rd1 Bc5 28. Rc1 Bb6 29. Qc8+ Qf8 30. Qd7 Bc5 31. Qd5 Bb6 32. Qd7 Bc5 33. b4 Qe7
34. Qc8+ Kh7 35. Qxc5 Qe4 36. Qc2 d3 37. Qd2 f5 38. Rd1 Kg6 39. Qxd3 Qxb4 40.
Qd6+ 1-0

[Event "Titled Tue 1st Jul Early"]
[Site "chess.com INT"]
[Date "2025.07.01"]
[Round "2"]
[White "Ribeiro, Gustavo"]
[Black "Hansen, Eric"]
[Result "1-0"]
[WhiteTitle "FM"]
[BlackTitle "GM"]
[WhiteElo "2314"]
[BlackElo "2609"]
[WhiteFideId "1941852"]
[BlackFideId "2606771"]
[EventDate "2025.07.01"]

1. e4 c5 2. Nf3 e6 3. g3 a6 4. Bg2 Nc6 5. O-O d6 6. d4 cxd4 7. Nxd4 Bd7 8. Nc3
Nf6 9. Be3 Qc7 10. Nxc6 Bxc6 11. Bd4 Be7 12. Qd3 b5 13. Rad1 e5 14. Be3 b4 15.
Nd5 Nxd5 16. exd5 Bb5 17. Qb3 Bxf1 18. Bxf1 O-O 19. Qxb4 Rfb8 20. Qa3 Qxc2 21.
Rd2 Qe4 22. Bd3 Qf3 23. Ba7 e4 24. Bxb8 Bg5 25. Re2 Rxb8 26. Rxe4 g6 27. Bc2 Qf6
28. b3 Rc8 29. Rc4 Re8 30. Be4 Qe5 31. Kg2 Bf6 32. Qa4 Rd8 33. Qxa6 Kg7 34. Bf3
h5 35. Rc7 Qb2 36. Qb7 Rf8 37. Qb5 1-0

[Event "Titled Tue 1st Jul Early"]
[Site "chess.com INT"]
[Date "2025.07.01"]
[Round "2"]
[White "Moroni, Luca Jr"]
[Black "Slovineanu, Viacheslav"]
[Result "1-0"]
[WhiteTitle "GM"]
[BlackTitle "IM"]
[WhiteElo "2549"]
[BlackElo "2412"]
[WhiteFideId "865834"]
[BlackFideId "13900510"]
[EventDate "2025.07.01"]

1. d4 Nf6 2. Bf4 d5 3. e3 e6 4. Nf3 c5 5. Nbd2 Bd6 6. dxc5 Bxc5 7. Bd3 O-O 8.
O-O Nbd7 9. e4 dxe4 10. Nxe4 Nxe4 11. Bxe4 Nf6 12. Bd3 b6 13. Qe2 Bb7 14. Rad1
Qe7 15. Bg5 h6 16. Bh4 Rfe8 17. Ne5 Qf8 18. Bxf6 gxf6 19. Nd7 Qg7 20. Be4 Bxe4
21. Qxe4 f5 22. Qh4 Be7 23. Qh5 Qg4 24. Qxh6 Rad8 25. h3 Qg5 26. Qxg5+ Bxg5 27.
Rd3 Kh7 28. Rfd1 e5 29. Nxe5 Rxe5 30. Rxd8 Bxd8 31. Rxd8 Re1+ 32. Kh2 Re2 33.
Rc8 Rxf2 34. Kg3 Rd2 35. Rc6 Kg7 36. Kf3 f6 37. g4 fxg4+ 38. hxg4 Kg6 39. a4 Kg5
40. Rc7 Rd4 41. Rxa7 Rf4+ 42. Ke3 Rxg4 43. Rg7+ Kh4 44. Rxg4+ Kxg4 45. Kf2 Kf4
46. b4 Ke4 47. a5 bxa5 48. bxa5 Kd5 49. Kf3 Kc5 50. c4 1-0

[Event "Titled Tue 1st Jul Early"]
[Site "chess.com INT"]
[Date "2025.07.01"]
[Round "2"]
[White "Khazhatuly, Alikhan"]
[Black "Gasparyan, Erik R."]
[Result "0-1"]
[WhiteTitle "CM"]
[BlackTitle "IM"]
[WhiteElo "2172"]
[BlackElo "2372"]
[WhiteFideId "13731335"]
[BlackFideId "13315730"]
[EventDate "2025.07.01"]

1. e4 c6 2. d4 d5 3. Nd2 dxe4 4. Nxe4 Nf6 5. Nxf6+ exf6 6. c3 Bd6 7. Bd3 Na6 8.
Ne2 Nc7 9. O-O h5 10. Qc2 Nd5 11. Bd2 Kf8 12. a3 g6 13. c4 Ne7 14. Bc3 Kg7 15.
Rad1 h4 16. Rfe1 h3 17. c5 Bc7 18. g3 Bg4 19. Be4 Nd5 20. Qd3 Re8 21. f3 Be6 22.
Qd2 Qd7 23. Nc1 Re7 24. Re2 Rae8 25. Rde1 f5 26. Bxd5 Bxd5 27. Rxe7 Rxe7 28.
Rxe7 Qxe7 29. Kf2 f4 30. g4 Qh4+ 31. Kg1 Qe7 32. Nd3 g5 33. Ne5 f6 34. Nd3 Bxf3
35. d5 Bxd5 36. Nf2 Qe6 37. b4 Be5 38. Bd4 Bxd4 39. Qxd4 Qe1# 0-1

[Event "Titled Tue 1st Jul Early"]
[Site "chess.com INT"]
[Date "2025.07.01"]
[Round "2"]
[White "Otdelnov, Kirill"]
[Black "Ter-Sahakyan, Samvel"]
[Result "0-1"]
[WhiteTitle "FM"]
[BlackTitle "GM"]
[WhiteElo "2273"]
[BlackElo "2611"]
[WhiteFideId "24280216"]
[BlackFideId "13302531"]
[EventDate "2025.07.01"]

1. Nf3 d5 2. g3 Nd7 3. d4 Ngf6 4. Bg2 b5 5. O-O e6 6. Bf4 Bb7 7. c3 c5 8. a4 b4
9. cxb4 cxb4 10. a5 Be7 11. Nbd2 O-O 12. Qa4 Ba6 13. Rfe1 Rc8 14. Nb3 Ne4 15.
Rac1 Rxc1 16. Nxc1 Qc8 17. Nd3 Qb7 18. Rc1 Bb5 19. Qa2 Rc8 20. Rxc8+ Qxc8 21.
Qb3 Qc4 22. Qd1 Qa2 23. Qc1 Qc4 24. Qd1 f6 25. Nd2 Nxd2 26. Qxd2 Qxd4 27. Be3
Qc4 28. Bxa7 Qc7 29. Bb6 Nxb6 30. axb6 Qxb6 31. Nxb4 Qa5 32. Bxd5 exd5 33. Qxd5+
Kf8 34. Nc6 Qe1+ 35. Kg2 Bxe2 0-1

[Event "Titled Tue 1st Jul Early"]
[Site "chess.com INT"]
[Date "2025.07.01"]
[Round "2"]
[White "Tan, Zhongyi"]
[Black "Sovetbekova, Nurai"]
[Result "1-0"]
[WhiteTitle "GM"]
[BlackTitle "WFM"]
[WhiteElo "2527"]
[BlackElo "2007"]
[WhiteFideId "8603642"]
[BlackFideId "13801910"]
[EventDate "2025.07.01"]

1. e4 c5 2. Nf3 d6 3. d4 cxd4 4. Nxd4 Nf6 5. Nc3 a6 6. Be3 e5 7. Nb3 Be6 8. f3
h5 9. Nd5 Bxd5 10. exd5 Nbd7 11. Qd2 g6 12. O-O-O Bg7 13. Kb1 O-O 14. h3 Qc7 15.
g4 Rfc8 16. Bd3 b5 17. Bh6 Nc5 18. Bxg7 Kxg7 19. Be2 a5 20. Bxb5 a4 21. Nxc5
Qxc5 22. c4 h4 23. Rhe1 Rab8 24. a3 Qb6 25. Qe3 Rc5 26. b4 axb3 27. a4 b2 28.
Re2 Qa5 29. Rxb2 Qc7 30. f4 exf4 31. Qxf4 Nd7 32. g5 Ne5 33. Qf6+ Kg8 34. Rd4
Nxc4 35. Rxh4 Nd2+ 36. Ka2 1-0

[Event "Titled Tue 1st Jul Early"]
[Site "chess.com INT"]
[Date "2025.07.01"]
[Round "2"]
[White "Zaksaite, Salomeja"]
[Black "Kiremitciyan, Ari"]
[Result "0-1"]
[WhiteTitle "WGM"]
[BlackTitle "FM"]
[WhiteElo "2133"]
[BlackElo "2271"]
[WhiteFideId "12801496"]
[BlackFideId "6373445"]
[EventDate "2025.07.01"]

1. e4 c6 2. d4 d5 3. exd5 cxd5 4. Bd3 Nf6 5. c3 Bg4 6. Ne2 Qc7 7. h3 Bxe2 8.
Qxe2 Nc6 9. O-O e6 10. Bg5 Bd6 11. Na3 a6 12. Nc2 O-O-O 13. a4 h6 14. Bd2 e5 15.
dxe5 Nxe5 16. Bf5+ Kb8 17. b4 Rhe8 18. Ne3 Nc4 19. Bd3 Nxd2 20. Qxd2 Bf4 21.
Rfe1 Ne4 22. Bxe4 dxe4 23. Qb2 Rd3 24. Nd1 f5 25. a5 Qc4 26. Rb1 Red8 27. Qe2 g6
28. h4 Qd5 29. Ra1 Rd2 30. Qf1 Qc6 31. c4 Bc7 32. b5 Qd6 33. b6 Qh2# 0-1